000 00691nam a2200217Ia 4500
003 GCL
008 140319s9999 xx 000 0 ara d
020 _a1007299977
040 _aGCL /
_cGCL
082 0 4 _a370.1
_bس د
100 1 _aسيد ابراهيم الجيار
245 1 0 _aدراسات فى تاريخ الفكر التربوى /
_cسيد ابراهيم الجيار
250 _aالاولى
260 _aالقاهرة :
_bدار غريب للطباعة والنشر والتوزيع
300 _a223 ص ؛
_c24 سم
490 _a
650 0 4 _aالتربية
650 0 4 _aعلم النفس التربوى
650 0 4 _aالفكر التربوى
942 _2ddc
_cBK
999 _c2739
_d2739